000 00715nam a2200229 i 4500
001 80808
003 ES-MaACL
005 20250814065126.0
007 t|
008 041029s1945 mx a |||| | spa d
100 1 _aHoover, Edgar.
_964155
245 1 0 _aEconomía geográfica /
_cEdgar Hoover ; versión española de Javier Márquez.
250 _a2ª ed.
260 _aMéxico :
_bFondo de Cultura Económica,
_c1945.
300 _a311 p. :
_bil. ;
_c22 cm.
490 1 _aSección de obras de economía
650 0 7 _aGeografía económica
_2embne
_913077
700 1 _aMárquez, Javier.
_977005
830 0 _aSección de obras de economía
_9179924
852 _aES-MaACL
_jC-4737
999 _c80808
_d80808